| 000 | 00858pam a2200301 a 4500 | ||
|---|---|---|---|
| 005 | 20260322212030.0 | ||
| 008 | data | ||
| 010 | _a 88003426 | ||
| 020 | _a0810910462 | ||
| 020 | _a9780810910461 | ||
| 040 |
_aDLC _cDLC _dDLC |
||
| 041 | 1 | _aengfre | |
| 050 | 0 | 0 |
_aQL737.C4 _bC69313 1988 |
| 082 | 0 | 0 |
_a599.5/1 _219 |
| 092 | _a599.5 C693 1988 | ||
| 100 | 1 | _aCousteau, Jacques Yves. | |
| 240 | 1 | 0 |
_aPlanète des baleines. _lEnglish |
| 245 | 1 | 0 |
_aJacques Cousteau--whales / _cJacques Yves Cousteau & Yves Paccalet. |
| 260 |
_aNew York : _bH.N. Abrams, _c1988. |
||
| 300 |
_a280 p. : _bill. (chiefly col.) ; _c32 cm. |
||
| 500 | _aTranslation of: La planète des baleines. | ||
| 500 | _aSome ill. on lining papers. | ||
| 500 | _aIncludes index. | ||
| 504 | _aBibliography: p. 276-277. | ||
| 650 | 0 | _aWhales. | |
| 700 | 1 | _aPaccalet, Yves. | |
| 001 | data | ||
| 999 |
_c695 _d695 |
||